01962nam a22003617a 4500999001500000003000900015008004100024020001400065040007100079082002000150100003600170245022400206260008500430300004000515440004600555505034400601650003900945650005000984650004001034650004201074650002901116650002801145650004201173650004101215650003101256650001701287650002201304650003101326942001601357945002101373952010001394952010601494 c1574d1574AR-CdUCM190227b ||||| |||| 00| 0 spa d a972691667 aMUNICIPALIDAD PROVINCIAL DEL CUSCOcBIBLIOTECA MUNICIPAL DEL CUSCO a985.002 / bV39 aVega Centeno Bocángel, Imelda aCostumbres indígenas, administración de bienes y normas eclesiásticas, S. XVI-XIX : bcatálogo de la sección Eclesiástica del Archivo Regional del Cusco. José Romualdo Vega Centeno, notario y archivista / aCusco: bCentro de Estudios Regionales Andinos Bartolomé de Las Casas, c2004. a289 páginas ; c23.5 cmbCuadros. aArchivos de Historia Andinan : 39.95894 aJosé Romualdo Vega Centeno, notario y archivista -- Siglo XX: el Cusco en los albores de la repúblca -- José Romualdo Vega Centeno: trayectos familiares -- Una vida dedicada a la historia: trayectos profesionales -- El antiguo "fondo Vega Centeno" y su ubicación actual -- Catalogación de la serie: "Asuntos Eclesiásticos" ... aJosé Romualdo Vega Centeno95895 aDocumentos - Archivo Regional del Cusco95896 aFondo Asuntos Eclesiásticos95897 aAsuntos Eclesiásticos - Cusco95898 aArchiveros - Cusco95899 aArchivos - Perú95900 aSiglos XVIII-XIX - Documentos.95901 aHistoria - Perú - Documentos95902 aFuentes históricas95903 aCensos95904 aCofradías95905 aAspectos económicos9261 2ddccLIBROS alccsd2019-02-27 002ddc4070aSHbSHcCARTd2019-02-27g35.00o985.002 / V39pSH0000001818r2019-02-27yLIBROS 002ddc4070aSHbSHcCARTd2019-02-28g35.00o985.002 / V39 / e.2pSH0000002337r2019-02-28yLIBROS